[Event "20th Capablanca memorial group B"]
[Site "Havana CUB"]
[Date "1985.??.??"]
[Round "12"]
[White "Tatai, Stefano"]
[Black "Hernandez Onna, Roman"]
[Result "1-0"]
[WhiteElo "2475"]
[BlackElo "2440"]
[EventDate "1985.05.22"]
[PlyCount "131"]

1.d4 Nf6 2.c4 e6 3.Nc3 Bb4 4.e3 O-O 5.Bd3 c5 6.Ne2 d5 7.cxd5 exd5 8.a3 
cxd4 9.axb4 dxc3 10.Nxc3 Bg4 11.f3 Bh5 12.O-O Nc6 13.b5 Nb4 14.Bb1 a5 15.
bxa6 bxa6 16.Ne2 Bg6 17.Bd2 Qe7 18.Nd4 Nd3 19.Bxd3 Bxd3 20.Re1 Rfe8 21.Bc3
Bg6 22.Qd2 h5 23.Qf2 Nd7 24.Nc6 Qd6 25.Na5 Nc5 26.Qh4 Rac8 27.Qd4 Ne6 28.
Qd2 h4 29.Rad1 Red8 30.Nb7 Qe7 31.Nxd8 Rxd8 32.Ba5 Rd7 33.Qb4 Qg5 34.Qg4 
Qxg4 35.fxg4 h3 36.gxh3 Be4 37.Kf2 Nc5 38.Kg3 Nb3 39.Bc3 Rc7 40.Rf1 a5 41.
Rf4 a4 42.Be5 Rc6 43.h4 Nc5 44.Rd2 Nd3 45.Rxd3 Bxd3 46.Rxa4 Rc2 47.Rf4 Be4
48.Rf2 Rc1 49.h5 Rg1+ 50.Kh4 Rb1 51.Bd4 Bd3 52.Kg3 Be4 53.Kf4 f6 54.Kg3 
Kh7 55.Kh4 Kh6 56.Bc5 Rg1 57.Bf8 Kh7 58.Bd6 Kg8 59.b4 Kf7 60.Bc5 Rb1 61.
Ra2 Rb3 62.Ra7+ Kg8 63.h6 gxh6 64.Kh5 Rb2 65.Bd6 Rg2 66.Kxh6 1-0

[Event "20th Capablanca memorial group B"]
[Site "Havana CUB"]
[Date "1985.??.??"]
[Round "12"]
[White "Garcia Palermo, Carlos"]
[Black "Csom, Istvan"]
[Result "1-0"]
[WhiteElo "2520"]
[BlackElo "2480"]
[EventDate "1985.05.22"]
[PlyCount "147"]

1.d4 Nf6 2.c4 e6 3.Nc3 Bb4 4.e3 c5 5.Ne2 b6 6.a3 Ba5 7.Rb1 Na6 8.Qa4 Qe7 
9.dxc5 Nxc5 10.Qd1 Bxc3+ 11.Nxc3 O-O 12.f3 Nh5 13.b4 Nb7 14.Qd2 f5 15.Bd3 
Nd6 16.O-O Nf7 17.f4 Bb7 18.e4 fxe4 19.Bxe4 Bxe4 20.Nxe4 d5 21.cxd5 Rad8 
22.d6 Nxd6 23.Nxd6 Rxd6 24.Qe2 Qf7 25.b5 Rd4 26.g3 Qg6 27.Rb4 Rd3 28.f5 
Nxg3 29.Qxd3 Nxf5+ 30.Bg5 Qxg5+ 31.Kh1 h6 32.Re4 Rf6 33.Qe2 Qg6 34.Re1 Kh7
35.Rxe6 Rxe6 36.Qxe6 Qh5 37.Qe4 g6 38.Qb7+ Ng7 39.a4 Qg4 40.Qe4 Qg5 41.Qb7
Qd2 42.Qe4 Qb2 43.Rg1 Qf6 44.Re1 h5 45.Rd1 Qf2 46.Rg1 Qf6 47.Qg2 Qe6 48.
Qc6 Qf5 49.Qb7 Qf2 50.Qa8 Qf7 51.Re1 Qf2 52.Qe4 Qf6 53.Qd3 Qf2 54.Re7 Qf4 
55.Rxa7 Qc1+ 56.Kg2 Qg5+ 57.Kh1 Qc1+ 58.Kg2 Qg5+ 59.Kf2 Qf4+ 60.Ke1 Qe5+ 
61.Kd1 Qa1+ 62.Kc2 Qa2+ 63.Kc3 Qa3+ 64.Kc4 Qa2+ 65.Kd4 Qxh2 66.Kc3 Qa2 67.
Qd4 Qa1+ 68.Kc4 Qa2+ 69.Kd3 Qb1+ 70.Kd2 Qa2+ 71.Ke3 Qb3+ 72.Ke4 Qe6+ 73.
Kd3 Qb3+ 74.Qc3 1-0

[Event "20th Capablanca memorial group B"]
[Site "Havana CUB"]
[Date "1985.??.??"]
[Round "13"]
[White "Montiel, Pedro"]
[Black "Garcia Gonzales, Guillermo"]
[Result "1/2-1/2"]
[WhiteElo "2310"]
[BlackElo "2440"]
[EventDate "1985.05.22"]
[PlyCount "55"]

1.e4 e6 2.d4 d5 3.Nc3 Bb4 4.e5 c5 5.a3 Bxc3+ 6.bxc3 Ne7 7.Qg4 Qc7 8.Qxg7 
Rg8 9.Qxh7 cxd4 10.Ne2 Nbc6 11.f4 dxc3 12.Rb1 Bd7 13.Qd3 Nf5 14.h3 d4 15.
g4 Nh4 16.Qh7 Nf3+ 17.Kf2 O-O-O 18.Bg2 Rh8 19.Qd3 Nh4 20.Be4 Be8 21.Rd1 
Qe7 22.Qb5 Ng6 23.Rd3 a6 24.Qb6 Qc7 25.Qc5 Qe7 26.Qb6 Qc7 27.Qc5 Qe7 28.
Qb6 1/2-1/2